[Event "V Torneo Sudamericano Sub-20, Femenino"]
[Site "Cochabamba"]
[Date "2009.04.13"]
[Round "9.1"]
[White "Feliciano, Vanessa"]
[Black "Orejuela, Paulina"]
[Result "1/2-1/2"]
[WhiteElo "2112"]
[BlackElo "1883"]
[PlyCount "65"]
[EventDate "2009.??.??"]
[EventCountry "BOL"]
[SourceDate "2009.04.08"]

1. e4 e5 2. Nf3 Nc6 3. Bc4 Bc5 4. c3 Nf6 5. d4 exd4 6. O-O d3 7. b4 Bb6 8. a4
a6 9. Ba3 d6 10. Nbd2 Bg4 11. Bxd3 Ne5 12. Bc2 O-O 13. h3 Nxf3+ 14. Nxf3 Bh5
15. Qd3 Re8 16. Rfe1 Bg6 17. Nd2 d5 18. Qf3 dxe4 19. Nxe4 Nxe4 20. Bxe4 Bxe4
21. Rxe4 Rxe4 22. Qxe4 Qf6 23. Qc2 Rd8 24. Re1 Qg5 25. Bc1 Qf6 26. Re4 h6 27.
Be3 Bxe3 28. Rxe3 Qd6 29. Qe4 b6 30. Qc4 Qf6 31. Rf3 Rd1+ 32. Kh2 Qe5+ 33. Qf4
1/2-1/2

[Event "V Torneo Sudamericano Sub-20, Femenino"]
[Site "Cochabamba"]
[Date "2009.04.13"]
[Round "9.4"]
[White "Vargas, Gabriela"]
[Black "Mendoza, Samantha"]
[Result "1-0"]
[WhiteElo "2090"]
[BlackElo "1827"]
[PlyCount "59"]
[EventDate "2009.??.??"]
[EventCountry "BOL"]
[SourceDate "2009.04.08"]

1. d4 b6 2. c4 Bb7 3. Nf3 e6 4. e3 Nf6 5. Bd3 c5 6. O-O Be7 7. b3 Nc6 8. Bb2
O-O 9. Nbd2 d5 10. Rc1 cxd4 11. exd4 Rc8 12. Qe2 Re8 13. Rfd1 Ba6 14. Ne5 dxc4
15. Ndxc4 Nxe5 16. dxe5 Nd5 17. Be4 Bg5 18. Rb1 Bxc4 19. bxc4 Nf4 20. Bxh7+ Kh8
21. Qg4 Qe7 22. g3 Kxh7 23. gxf4 Rxc4 24. Qxg5 Qxg5+ 25. fxg5 Rg4+ 26. Kf1 Rxg5
27. Rd7 Kg6 28. Rc1 Rh8 29. Rcc7 Rxh2 30. Rxf7 1-0